A-Z: Brazil - Statistics

General Stats
  • This quiz has been taken 38 times
  • The average score is 17 of 26
Answer Stats
Hint Answer % Correct
Famous statue in Rio de Janeiro C Christ the Redeemer
100%
Forest and river A Amazon
97%
One of only 2 countries in South America which don't border Brazil E Ecuador
97%
One of the best footballers in history P Pele
97%
Unit of weight known as Quilo in Brazil K Kilogramme
94%
Most populous city in Brazil and 12th largest in the world S São Paulo
94%
Coulour of Brazilian international football jersey Y Yellow
94%
Belo H........ the capital of Minas Gerais H Horizonte
91%
Famous beach in Rio I Ipanema
85%
Brazilian slums F Favelas
82%
Currency of Brazil R Real
82%
Football club named after a Portuguese explorer V Vasco da Gama
76%
Brazil is the world's 10th largest producer of this popular salad vegetable/fruit T Tomato
71%
Brazil is the world's 4th largest producer of this fruit W Watermelon
68%
Famous football stadium in Rio; attendance record over 170,000 M Maracanã
65%
Former footballer, known as the 'White Pele' Z Zico
59%
First name of first female President of Brazil (2011-16) D Dilma
56%
Words on the Brazilian flag ("Order and Progress" in English) O Ordem e progresso
56%
Flavour you get from our T word U Umami
53%
State north of Minas Gerais and northeast of Brasilia B Bahia
41%
World Cup winning footballer in 1970 J Jairzinho
38%
Architect famous for his work on the creation of Brasilia N Oscar Niemeyer
38%
Singer of 'The Girl From... (answer to I) G Astrud Gilberto
24%
Popular baked desert, a form of custard Q Quindim
15%
Massive corruption scandal since 2014 ("Car Wash" in English) L Lavo Jato
3%
Chicken and shrimp stew X Xinxim
3%
No matching quizzes found
Score Distribution
Percent of People with Each Score
Percentile by Number Answered
Your Score History
You have not taken this quiz